000 00649nam a2200217Ii 4500
003 JO-AjNU
008 230606s9999||||xx |||||||||||||| ||und||
020 _a81-8356-206-X
040 _aJO-AjNU
_beng
_erda
_cJO-AjNU
041 _aeng
050 1 4 _aRJ506.2007
100 3 _aBBU,PRASA/Raju<m.v.r (editors)/Rao,Digumarti BHASKARA,
_eauthor
_9140
245 0 0 _aBehavioural problems of school children
250 _a1 ed
264 3 1 _aNew-DELHI:Discoverpublusing,2007
300 _a77p
336 _atext
_btxt
_2rdacontent
337 _aunmediated
_bn
_2rdamedia
338 _avolume
_bnc
_2rdacarrier
650 4 _a children-Behavioural problems
_9141
999 _aE74
_c74
_d74